00623pab a2200169 454500008004000000100002200040245012200062260000900184300001400193650001900207650002600226700001900252773005100271909001000322999001700332952010400349180718b2002 xxu||||| |||| 00| 0 eng d aChoudhury, Enamul aThe shifting meaning of governance : public accountability of third sector organizations in an emergent global regime c2002 ap.561-88. aAccountability aPublic administration aAhmed, Shamima aInternational Journal of Public Administration a52787 c52787d52787 00104070aIIPAbIIPAd2018-07-19hVolume no: 25, Issue no: 4pAR53217r2018-07-19w2018-07-19yAR